Alle Länder mit M - Statistiken

Allgemein
  • Dieses Quiz wurde 275 mal gespielt
    221 seit der letzten Aktualisierung
  • Das Durchschnittsergebnis liegt bei 12 aus 18
Antwortstatistiken
Nr Antwort % Korrekt
5 Mali
77%
9 Mauretanien
76%
1 Madagaskar
74%
4 Malediven
74%
6 Malta
74%
16 Montenegro
74%
11 Mexiko
73%
15 Mongolei
73%
7 Marokko
72%
14 Monaco
71%
3 Malaysia
68%
18 Myanmar
68%
10 Mauritius
65%
17 Mosambik
64%
2 Malawi
62%
13 Moldau
59%
12 Mikronesien
51%
8 Marshallinseln
47%
Keine übereinstimmenden Quizze gefunden
Verteilung der Resultate
Anzahl Personen mit jedem Resultat
Perzentil nach korrekt beantworteten Fragen
Ihre Resultats-Entwicklung
Sie haben dieses Quiz seit der letzten Aktualisierung nicht gespielt